000 00736cam a22002293a 4500
001 10648
003 PGUSA
005 20140828083227.0
008 040101s2004||||xxu|||||s|||||000 | eng d
040 _aPGUSA
_beng
042 _adc
050 4 _aD
100 1 _aLord, John,
_d1810-1894
245 1 0 _aBeacon Lights of History, Volume 13 :
_bGreat Writers : Dr Lord's Uncompleted Plan, Supplemented with Essays by Emerson, Macaulay, Hedge, and Mercer Adam
_h[electronic resource] /
_cJohn Lord
260 _bProject Gutenberg,
_c2004
506 _aPublic domain in the USA.
516 _aElectronic text
653 _aHistory
830 0 _aProject Gutenberg
_v10648
856 4 0 _uhttp://www.gutenberg.org/ebooks/10648
942 _cEB
999 _c239903
_d239903